00634nam a22002057a 450000500170000001000130001702000220003003500130005203700160006504000120008108200160009310000220010924500720013126000480020327000450025130000230029650000500031965000280036965000310039720170124105932.0 aA-937174 c00.00a8171009999 aA-937174 bCen Lib/Ret aDPLbEN a339.47bPRA aPrabhat K. Pankaj aConsumer behaviour and consumption patterns /cby Prabhat K. Pankaj aNew DelhibDeep and Deep Publicationsc1998 aF-159, Rajouri GardenbNew Delhie110027 axi,240p.c22cm(Hb) aIncludes bibliographical references and index aConsumption (Economics) aConsumer behavior -- India